MARC

LEADER 00000nam0a2200000 4500
001 354422
005 20231102010705.0
035 |a (RuTPU)RU\TPU\retro\11680 
090 |a 354422 
100 |a 20200619d1972 km y0rusy50 ca 
101 0 |a rus 
102 |a RU 
105 |a a z 001zy 
200 1 |a Ассортимент реактивов на железо  |f И. С. Мустафин, И. Ф. Лисенко, Л. К. Сухова, С. Н. Еременко  |g Всесоюзный научно-исследовательский институт химических реактивов и особо чистых химических веществ 
210 |a Москва  |c Изд-во НИИТЭХИМ  |d 1972 
215 |a 88 с.  |c ил. 
225 1 |a Обзорная информация 
225 1 |a Органические реактивы на неорганические ионы 
320 |a Библиогр.: с. 44-86 
512 1 |a Органические реактивы для определения неорганических ионов 
606 1 |a Химические реактивы, органические  |2 stltpush  |3 (RuTPU)RU\TPU\subj\73372  |9 86404 
610 1 |a железо 
610 1 |a определение 
610 1 |a ассортимент 
610 1 |a количественный анализ 
610 1 |a гравиметрический анализ 
610 1 |a фотометрический анализ 
610 1 |a люминесцентный анализ 
610 1 |a люминесцентный анализ 
675 |a 543-412.2  |v 4 
701 1 |a Мустафин  |b И. С. 
701 1 |a Лисенко  |b И. Ф. 
701 1 |a Сухова  |b Л. К. 
701 1 |a Еременко  |b С. Н. 
712 0 2 |a Всесоюзный научно-исследовательский институт химических реактивов и особо чистых химических веществ  |c (Москва)  |c (1961-1992)  |2 stltpush  |3 (RuTPU)RU\TPU\col\13967  |9 25839 
801 1 |a RU  |b 63413507  |c 20200619 
801 2 |a RU  |b 63413507  |c 20201218  |g RCR 
942 |c BK